[Event "Coulsden op"]
[Site "Coulsden"]
[Date "1999.08.28"]
[Round "1"]
[White "Crouch, Colin S"]
[Black "Gormally, Daniel"]
[Result "1/2-1/2"]
[WhiteElo "2423"]
[BlackElo "2476"]
[PlyCount "99"]
[EventDate "1999.08.28"]
[Source "www.chesslib.no"]
[SourceDate "2004.05.04"]

1. d4 Nf6 2. c4 g6 3. Nc3 d5 4. f3 Bg7 5. e4 dxe4 6. fxe4 e5 7. d5 c6 8. Nf3 O-O 9. Bd3 b5 10. Bg5 bxc4 11. Bxc4 Qa5 12. Bxf6 Bxf6 13. dxc6 Qc5 14. Bd5 Nxc6 15. Qd2 Rb8 16. h4 Ba6 17. Bxc6 Qxc6 18. Nd5 Rfe8 19. Rc1 Qd6 20. Rc7 Rb7 21. Rxb7 Bxb7 22. Nxf6+ Qxf6 23. Qe3 Qb6 24. Qxb6 axb6 25. Nd2 Ra8 26. a3 Ra4 27. O-O Rd4 28. Rf2 Bxe4 29. Nxe4 Rxe4 30. Rf6 b5 31. Rb6 b4 32. a4 b3 33. a5 Ra4 34. a6 Kg7 35. Kf2 Ra2 36. Rxb3 Rxa6 37. Ke3 Ra4 38. g3 h5 39. Rb6 f5 40. Rb7+ Kh6 41. b4 Ra2 42. Re7 e4 43. b5 Rg2 44. Kf4 Rb2 45. Rb7 Rb3 46. b6 Rf3+ 47. Ke5 Rxg3 48. Rb8 Kg7 49. Rb7+ Kh6 50. Rb8 1/2-1/2

[Event "Las Vegas USA"]
[Site "?"]
[Date "2006.06.16"]
[Round "2"]
[White "Taylor Timothy"]
[Black "Mikhalevski Victor"]
[Result "0-1"]
[WhiteElo "2330"]
[BlackElo "2566"]
[PlyCount "76"]
[EventDate "2006.??.??"]
[Source "www.chesslib.no"]
[SourceDate "2004.05.04"]

1. d4 Nf6 2. c4 g6 3. Nc3 d5 4. e3 Bg7 5. Qb3 e6 6. Qa3 Nc6 7. Nf3 Ne7 8. Bd3 O-O 9. O-O b6 10. cxd5 exd5 11. Bd2 Bb7 12. b4 a6 13. Qb3 b5 14. a4 c6 15. e4 dxe4 16. Nxe4 Bc8 17. Nc5 Bf5 18. axb5 axb5 19. Rxa8 Qxa8 20. Bg5 Nfd5 21. Bxe7 Nxe7 22. Bxf5 Nxf5 23. Nd7 Rd8 24. Nde5 Qb7 25. Rc1 Rd6 26. h3 Nxd4 27. Nxd4 Bxe5 28. Nf3 Bf6 29. Qe3 Qd7 30. Kh2 Re6 31. Qb6 Qd6+ 32. Kg1 Kg7 33. g3 Bb2 34. Rc5 Rf6 35. Ng5 Qd1+ 36. Kg2 Rxf2+ 37. Kxf2 Bd4+ 38. Kg2 Qe2+ 0-1

[Event "Koop Tjuchem op"]
[Site "Groningen"]
[Date "1996.??.??"]
[Round "7"]
[White "Zagorskis, Darius"]
[Black "Holzke, Frank"]
[Result "1/2-1/2"]
[WhiteElo "2520"]
[BlackElo "2375"]
[PlyCount "40"]
[EventDate "1996.12.20"]
[Source "www.chesslib.no"]
[SourceDate "2004.05.04"]

1. d4 Nf6 2. c4 g6 3. Nc3 d5 4. e3 Bg7 5. Qb3 dxc4 6. Bxc4 O-O 7. Nf3 Nc6 8. Be2 Ne8 9. d5 Ne5 10. Nd4 c5 11. dxc6 Nxc6 12. Nxc6 bxc6 13. O-O Nd6 14. Rd1 Qb6 15. Qc2 Bf5 16. Bd3 Bxd3 17. Rxd3 Rfd8 18. h3 Nc4 19. Rb1 Qa5 20. Bd2 Rxd3 1/2-1/2

[Event "Alicante Open"]
[Site "Alicante ESP"]
[Date "1992.??.??"]
[Round "5"]
[White "Eingorn, Vereslav S"]
[Black "Kleinplatz, Sam"]
[Result "1-0"]
[WhiteElo "2580"]
[BlackElo "2315"]
[PlyCount "115"]
[EventDate "1992.??.??"]
[Source "www.chesslib.no"]
[SourceDate "2004.05.04"]

1. d4 Nf6 2. c4 g6 3. Nc3 d5 4. e3 Bg7 5. Qb3 e6 6. Qa3 Nc6 7. Nf3 Ne7 8. Be2 O-O 9. O-O b6 10. cxd5 exd5 11. Bd2 Re8 12. Rfd1 Bb7 13. b4 a6 14. Qb3 Ne4 15. a4 Nf5 16. Rac1 Qd7 17. Be1 Rac8 18. b5 a5 19. Bf1 Nfd6 20. Ne5 Qe6 21. Nxe4 Nxe4 22. Nc6 Nd6 23. Rc2 f6 24. Bd2 Bf8 25. Bc1 Ra8 26. Ba3 Qf7 27. Rdc1 Bc8 28. Bd3 Bf5 29. Bxd6 Bxd6 30. Re2 Be6 31. Bb1 Qg7 32. Rf1 Qh6 33. g3 Qh5 34. f3 Bf7 35. Ba2 Rf8 36. Qc2 Rae8 37. e4 dxe4 38. Bxf7+ Kxf7 39. fxe4 Kg7 40. Kg2 Qg4 41. Qd3 Qe6 42. Rf3 Rf7 43. Qb3 Qxb3 44. Rxb3 Rd7 45. Kf3 Bf8 46. Ke3 Re6 47. Rc3 Re8 48. Kd3 f5 49. e5 Kf7 50. Kc4 Ke6 51. h3 Bg7 52. Rf3 Rf8 53. Rd2 Rd5 54. g4 fxg4 55. Rxf8 Bxf8 56. hxg4 h6 57. Kd3 Bg7 58. Ke4 1-0

[Event "GER-ch"]
[Site "Bad Neuenahr"]
[Date "1991.??.??"]
[Round "11"]
[White "Volke, Karsten"]
[Black "Lutz, Christopher"]
[Result "0-1"]
[WhiteElo "2395"]
[BlackElo "2500"]
[PlyCount "66"]
[EventDate "1991.06.??"]
[Source "ChessBase"]

1. d4 Nf6 2. c4 g6 3. Nc3 d5 4. e3 Bg7 5. Qb3 e6 6. Qa3 Nc6 7. Nf3 Ne7 8. Qa4+ c6 9. Bd3 O-O 10. O-O Nd7 11. e4 c5 12. exd5 cxd4 13. Ne4 exd5 14. cxd5 Nb6 15. Qa3 Nexd5 16. Bg5 Qd7 17. Rfd1 h6 18. Bh4 Qa4 19. Qd6 Bg4 20. Qg3 f5 21. Nd6 Bxf3 22. Qxf3 Qd7 23. Nc4 g5 24. Nxb6 axb6 25. Bc4 Rad8 26. Rxd4 Bxd4 27. Rd1 b5 28. Bb3 Rfe8 29. Kf1 Qe6 30. g3 Qe4 31. Qxe4 Rxe4 32. f3 Re3 33. Rxd4 Rxb3 0-1

[Event "Rubinstein mem"]
[Site "Polanica Zdroj"]
[Date "1980.??.??"]
[Round "6"]
[White "Vilela, Jose Luis"]
[Black "Plachetka, Jan"]
[Result "0-1"]
[WhiteElo "2410"]
[BlackElo "2480"]
[PlyCount "68"]
[EventDate "1980.08.??"]
[Source "ChessBase"]

1. c4 g6 2. d4 Nf6 3. Nc3 d5 4. Bg5 Ne4 5. Bh4 Bg7 6. cxd5 Nxc3 7. bxc3 Qxd5 8. e3 c5 9. Qf3 Qd8 10. Bb5+ Nd7 11. Ne2 cxd4 12. exd4 O-O 13. O-O Nf6 14. h3 Bd7 15. a4 Qc8 16. Bxd7 Qxd7 17. c4 Rac8 18. Rfc1 b6 19. Bg5 Qe6 20. Qd3 Ne4 21. Be3 Nd6 22. Nf4 Qf5 23. Qb3 Rfe8 24. a5 e5 25. Nd5 exd4 26. Bf4 Ne4 27. axb6 axb6 28. g4 Nc5 29. Qxb6 Qd3 30. Ne7+ Rxe7 31. Qxc5 Ree8 32. Qa3 Qe4 33. Qg3 d3 34. Ra3 Bb2 0-1

[Event "CSR-ch"]
[Site "Luhacovice"]
[Date "1973.??.??"]
[Round "12"]
[White "Knezevic, Milorad"]
[Black "Jansa, Vlastimil"]
[Result "0-1"]
[WhiteElo "2410"]
[BlackElo "2480"]
[PlyCount "120"]
[EventDate "1973.??.??"]
[Source "ChessBase"]

1. d4 Nf6 2. c4 g6 3. Nc3 d5 4. e3 Bg7 5. Qb3 e6 6. Qa3 Nc6 7. Nf3 Ne7 8. b4 O-O 9. b5 b6 10. cxd5 Nexd5 11. Nxd5 Qxd5 12. Bb2 Bb7 13. Rc1 Rfc8 14. Ne5 Bf8 15. Qa4 Bd6 16. f3 Bxe5 17. dxe5 Ne8 18. Bc4 Qd8 19. O-O c5 20. Rcd1 Qg5 21. Qb3 Rd8 22. e4 Rxd1 23. Rxd1 Rd8 24. Rd3 Bc8 25. Qd1 Rxd3 26. Qxd3 Qe7 27. a4 Qd7 28. Qxd7 Bxd7 29. Bc1 Nc7 30. Bh6 a6 31. a5 axb5 32. axb6 Na6 33. Be2 Bc6 34. Kf2 Nb8 35. Bg5 Kf8 36. Bd8 Na6 37. Bc7 c4 38. Bd6+ Ke8 39. Ke3 Kd7 40. Kf4 Kc8 41. Kg5 Kb7 42. Kf6 Kxb6 43. Kxf7 Nc5 44. h4 c3 45. Bd1 b4 46. Kg7 Bb5 47. Kxh7 Be2 48. Bb3 Kb5 49. Bxc5 Kxc5 50. Kxg6 Bc4 51. h5 Bxb3 52. h6 c2 53. h7 c1=Q 54. h8=Q Kd4 55. g4 Bc4 56. Qd8+ Kc3 57. Qa5 Qf1 58. g5 Qxf3 59. Qa1+ Kc2 60. Qa4+ Kc3 0-1

[Event "It (Open) Bizovac CRO"]
[Site "?"]
[Date "2006.02.25"]
[Round "5"]
[White "Cebalo Miso"]
[Black "Rogulj Branko"]
[Result "1/2-1/2"]
[WhiteElo "2501"]
[BlackElo "2388"]
[PlyCount "25"]
[EventDate "2006.??.??"]
[Source "www.chesslib.no"]
[SourceDate "2004.05.04"]

1. d4 Nf6 2. c4 g6 3. Nc3 d5 4. h4 h5 5. Bg5 Ne4 6. Nxd5 Nxg5 7. hxg5 Bg7 8. e3 c5 9. Nf3 Nc6 10. Be2 O-O 11. Qd2 cxd4 12. exd4 Be6 13. Nf4 1/2-1/2

[Event "Moscow RUS"]
[Site "?"]
[Date "2002.??.??"]
[Round "10"]
[White "Nureev Garun"]
[Black "Baikov Vladimir A"]
[Result "0-1"]
[WhiteElo "2462"]
[BlackElo "2425"]
[PlyCount "75"]
[EventDate "2002.??.??"]
[Source "www.chesslib.no"]
[SourceDate "2004.05.04"]

1. c4 Nf6 2. d4 g6 3. Nc3 d5 4. Bg5 Bg7 5. Bxf6 Bxf6 6. cxd5 c6 7. dxc6 Bxd4 8. cxb7 Bxb7 9. Qb3 Qb6 10. Qxb6 axb6 11. e3 Bxc3+ 12. bxc3 O-O 13. Nf3 Rc8 14. c4 Nc6 15. Be2 Nb4 16. Kd2 Nxa2 17. Rhb1 Rd8+ 18. Ke1 Nc3 19. Rxa8 Rxa8 20. Rxb6 Ra1+ 21. Kd2 Ne4+ 22. Kc2 Ra2+ 23. Rb2 Rxb2+ 24. Kxb2 Nxf2 25. Kc3 Kf8 26. Kd4 Ng4 27. h3 e5+ 28. Nxe5 Nxe5 29. Kxe5 Bxg2 30. Kd6 Bxh3 31. c5 Be6 32. Bb5 Kg7 33. Bd7 Bc4 34. c6 Kf6 35. c7 Ba6 36. e4 g5 37. e5+ Kg6 38. Kc5 0-1

[Event "Budapest FS02 GM"]
[Site "Budapest"]
[Date "2000.02.10"]
[Round "6"]
[White "Horvath, Csaba"]
[Black "Ribshtein, Nati"]
[Result "1-0"]
[WhiteElo "2519"]
[BlackElo "2362"]
[PlyCount "67"]
[EventDate "2000.02.05"]
[Source "ChessBase"]
[SourceDate "2000.05.31"]

1. d4 Nf6 2. c4 g6 3. Nc3 d5 4. e3 Bg7 5. Qb3 e6 6. Qa3 Nc6 7. Nf3 Ne7 8. Be2 O-O 9. O-O b6 10. Rd1 Bb7 11. Bd2 Nd7 12. Rac1 dxc4 13. e4 Nf6 14. e5 Nd7 15. Bg5 Re8 16. Nd2 h6 17. Bh4 g5 18. Bg3 Nf5 19. Nxc4 Nf8 20. b4 Ng6 21. Ne3 Qe7 22. Ba6 Bxa6 23. Qxa6 Nxg3 24. hxg3 Rec8 25. Nb5 Qd7 26. a4 Ne7 27. Qb7 Rab8 28. Qe4 a6 29. Na7 Rd8 30. Nc6 Nxc6 31. Rxc6 Qe7 32. b5 axb5 33. axb5 Qb4 34. f4 1-0

[Event "UKR-ch"]
[Site "Simferopol"]
[Date "1990.??.??"]
[Round "?"]
[White "Huzman, Alexander"]
[Black "Shmuter, Leonid"]
[Result "1/2-1/2"]
[WhiteElo "2475"]
[BlackElo "2405"]
[PlyCount "173"]
[EventDate "1990.??.??"]
[Source "ChessBase"]

1. c4 Nf6 2. Nc3 d5 3. d4 g6 4. Bg5 Ne4 5. Bh4 Nxc3 6. bxc3 dxc4 7. e3 Bg7 8. Bxc4 O-O 9. Nf3 c5 10. O-O Nc6 11. Qa4 Bd7 12. Qa3 Qa5 13. Qb3 Qc7 14. Bg3 Qc8 15. Ng5 Be8 16. Be2 Na5 17. Qa3 b6 18. Rab1 Bc6 19. dxc5 Qf5 20. Nf3 Qxc5 21. Qxc5 bxc5 22. Ne5 Ba4 23. Rfc1 Rfd8 24. Nd3 Rac8 25. c4 Bd7 26. Nf4 Nc6 27. Rb5 Nd4 28. exd4 Bxb5 29. cxb5 cxd4 30. Rc6 e5 31. Nd3 e4 32. Ne5 d3 33. Bd1 a6 34. Rxc8 Rxc8 35. Nc6 Bf8 36. a4 axb5 37. axb5 Ra8 38. Be5 Bg7 39. Bxg7 Kxg7 40. Kf1 Ra1 41. Ke1 Rb1 42. Nd4 Rb4 43. Nb3 Rxb5 44. Kd2 f5 45. f3 exf3 46. gxf3 Rb4 47. Kxd3 Rh4 48. Nd2 Rxh2 49. f4 Kf6 50. Ke3 h6 51. Nf1 Ra2 52. Ng3 g5 53. Bh5 Ra3+ 54. Kf2 Ra4 55. Ne2 g4 56. Kg2 Ra2 57. Kf2 Rb2 58. Kf1 Rb3 59. Ng1 Rd3 60. Kf2 Rd4 61. Ne2 Rd1 62. Ng3 Rd3 63. Ne2 Rh3 64. Ng3 Rh2+ 65. Kf1 Rb2 66. Ne2 Rb3 67. Kf2 Ra3 68. Ng1 Ra1 69. Ne2 Ra3 70. Ng1 Ke6 71. Bg6 h5 72. Bxh5 Kd5 73. Ne2 Ke4 74. Be8 Rf3+ 75. Kg2 Ke3 76. Bd7 Kxe2 77. Bxf5 Rxf4 78. Bc8 Ke3 79. Kg3 Rf8 80. Bxg4 Rg8 81. Kh3 Kf4 82. Be2 Rg3+ 83. Kh2 Re3 84. Bh5 Re5 85. Bd1 Rd5 86. Ba4 Rc5 87. Kg2 1/2-1/2

[Event "JUG-chT"]
[Site "Tivat"]
[Date "1995.??.??"]
[Round "4"]
[White "Nestorovic, Dejan"]
[Black "Horvath, Jozsef"]
[Result "1/2-1/2"]
[WhiteElo "2370"]
[BlackElo "2510"]
[PlyCount "22"]
[EventDate "1995.??.??"]
[Source "ChessBase"]

1. d4 Nf6 2. c4 g6 3. Nc3 d5 4. f3 Bg7 5. e4 dxe4 6. fxe4 O-O 7. Nf3 Bg4 8. Be3 e6 9. Qd2 Nc6 10. e5 Nh5 11. O-O-O Qe7 1/2-1/2

[Event "Yerevan ol (Men)"]
[Site "Yerevan"]
[Date "1996.??.??"]
[Round "3"]
[White "Gostisa, Leon"]
[Black "Urban, Klaudiusz"]
[Result "1/2-1/2"]
[WhiteElo "2405"]
[BlackElo "2470"]
[PlyCount "50"]
[EventDate "1996.09.??"]
[Source "www.chesslib.no"]
[SourceDate "2004.05.04"]

1. d4 g6 2. c4 Nf6 3. Nc3 d5 4. Bg5 Ne4 5. Bh4 Nxc3 6. bxc3 c5 7. cxd5 Qxd5 8. e3 cxd4 9. Qxd4 Qxd4 10. cxd4 e6 11. Rb1 Be7 12. Bg3 O-O 13. Nf3 b6 14. Bb5 Bb7 15. Ke2 Nc6 16. Rhc1 Rac8 17. Ne1 Rfd8 18. Nd3 Ba3 19. Rd1 Na5 20. f3 Be7 21. Rdc1 Ba3 22. Rd1 Rc2+ 23. Rd2 Rxd2+ 24. Kxd2 Bd5 25. Ra1 Bc4 1/2-1/2

[Event "Hotel Irottko GM"]
[Site "?"]
[Date "2000.??.??"]
[Round "9"]
[White "Jakobsen Ole"]
[Black "Ruck Robert"]
[Result "0-1"]
[WhiteElo "2402"]
[BlackElo "2472"]
[PlyCount "134"]
[EventDate "2000.??.??"]
[Source "www.chesslib.no"]
[SourceDate "2004.05.04"]

1. d4 Nf6 2. c4 g6 3. Nc3 d5 4. e3 Bg7 5. Qb3 e6 6. Qa3 c6 7. Nf3 a5 8. b3 Na6 9. Be2 Nb4 10. Qb2 c5 11. O-O O-O 12. Rd1 b6 13. a3 Nc6 14. Qc2 cxd4 15. exd4 Bb7 16. Bf4 Rc8 17. h3 Qe7 18. Bg5 h6 19. Bxf6 Qxf6 20. cxd5 exd5 21. Qb2 Qd6 22. Bf1 Rfe8 23. Qd2 Re7 24. Nb5 Qb8 25. Rac1 Na7 26. Nxa7 Qxa7 27. Qf4 Qb8 28. Rxc8+ Qxc8 29. Rc1 Qe8 30. a4 Re6 31. Rc7 Bc6 32. Ne5 Rxe5 33. Rxc6 Rf5 34. Qc1 Kh7 35. Bd3 Rf6 36. Rc8 Qe7 37. Rc7 Qd6 38. g3 Rf3 39. Rc3 Rf6 40. Rc7 Rf3 41. Rc3 Qf6 42. Qd2 Rxg3+ 43. fxg3 Qxd4+ 44. Kg2 Qxc3 45. Qxc3 Bxc3 46. Bb5 f5 47. Bc6 d4 48. Bb5 h5 49. Kf3 Kh6 50. Bd3 Kg5 51. h4+ Kf6 52. Kf4 Bd2+ 53. Kf3 g5 54. hxg5+ Kxg5 55. Be2 f4 56. Bf1 fxg3 57. Kxg3 h4+ 58. Kf3 Kf5 59. Bh3+ Ke5 60. Bf1 Bg5 61. Kg4 Bf6 62. Kf3 Kd5 63. Ke2 Ke4 64. Bg2+ Kf4 65. Bd5 h3 66. Bc6 h2 67. Bb7 Kg3 0-1